Life sketches and sermons. (Record no. 16405)

000 -LEADER
fixed length control field 00540nam a2200169 a 4500
001 - CONTROL NUMBER
control field :::00019280$&:&@@
003 - CONTROL NUMBER IDENTIFIER
control field OkBaRHE
005 - DATE AND TIME OF LATEST TRANSACTION
control field 20100331132022.0
008 - FIXED-LENGTH DATA ELEMENTS--GENERAL INFORMATION
fixed length control field s1920 j 000 0 eng u
040 ## - CATALOGING SOURCE
Transcribing agency
100 1# - MAIN ENTRY--PERSONAL NAME
Personal name Holmes, N. J. (Nickles John), 1847-1919
245 10 - TITLE STATEMENT
Title Life sketches and sermons.
260 ## - PUBLICATION, DISTRIBUTION, ETC. (IMPRINT)
Place of publication, distribution, etc Royston, Georgia
Name of publisher, distributor, etc Press of the Pentecostal Holiness Church
Date of publication, distribution, etc 1920
300 ## - PHYSICAL DESCRIPTION
Extent 310 p.
942 ## - ADDED ENTRY ELEMENTS (KOHA)
Source of classification or shelving scheme
Koha item type Books
Copies
Permanent Location Koha item type Not for loan Date acquired Copy number Date last seen Source of classification or shelving scheme Withdrawn status Price effective from Shelving location Damaged status Full call number Barcode Lost status
RHEMA Bible Training CollegeBooks 2010-04-1412010-04-14  2010-04-14General Stacks BX 8776 .Z8 H619280